Catalog

Record Details

Catalog Search



Oleander girl [Large Print] / [Large Print] Chitra ... Read More

Available copies

  • 2 of 2 copies available at LARL/NWRL Consortium.
  • 1 of 1 copy available at Lake Agassiz Regional Library. (Show preferred library)

Current holds

0 current holds with 2 total copies.

Show Only Available Copies
Location Call Number / Copy Notes Barcode Shelving Location Status Due Date
Detroit Lakes Public Library LARGE PRINT DIV (Text) 33500011579380 Main Available -
Godel Memorial-Warren Library lp DIV (Text) 35500005405293 Main Available -

Record details

  • ISBN: 9781410459886 (hardcover)
  • ISBN: 1410459888 (hardcover)
  • Physical Description: 529 pages ; 23 cm.
  • Edition: Large print edition.
  • Publisher: Detroit : Wheeler Publishing, 2013.

Content descriptions

Summary, etc.:
Orphaned at birth, the wild and headstrong Korobi ... Read More
Subject: Fiancées > Fiction.
Family secrets > Fiction.
Fathers and daughters > Fiction.
Large type books.
Genre: Domestic fiction.
Love stories.
LDR 02079cam a2200445 i 4500
001157443
003LARL_NWRL_CONSORTIUM
00520131007115215.0
008130320t20132012miu d 000 1 eng
010 . ‡a2013011398
020 . ‡a9781410459886 (hardcover)
020 . ‡a1410459888 (hardcover)
035 . ‡a(OCoLC)830837644
040 . ‡aDLC ‡beng ‡erda ‡cDLC ‡dOCLCO ‡dYDXCP ‡dBTCTA ‡dIK2 ‡dMPC
042 . ‡apcc
05010. ‡aPS3554.I86 ‡bO44 2013b
08200. ‡a813/.54 ‡223
1001 . ‡aDivakaruni, Chitra Banerjee, ‡d1956- ‡0(LARL_NWRL_CONSORTIUM)154244
24510. ‡aOleander girl ‡n[Large Print] / ‡h[Large Print] ‡cChitra Banerjee Divakaruni.
250 . ‡aLarge print edition.
260 . ‡aDetroit : ‡bWheeler Publishing, ‡c2013.
260 . ‡c©2012
300 . ‡a529 pages ; ‡c23 cm.
336 . ‡atext ‡2rdacontent
337 . ‡aunmediated ‡2rdamedia
338 . ‡avolume ‡2rdacarrier
520 . ‡aOrphaned at birth, the wild and headstrong Korobi Roy enjoyed a privileged childhood with her adoring grandparents. Still, she is troubled by the silence that surrounds her parents' deaths and clings fiercely to her only inheritance from them: a love note found hidden in her mother's book of poetry. Korobi's dreams come true when she finds just such a powerful love with the charming Rajat. Then her grandfather's sudden death reveals a devastating secret.
650 0. ‡aFiancées ‡vFiction.
650 0. ‡aFamily secrets ‡vFiction. ‡0(LARL_NWRL_CONSORTIUM)164948
650 0. ‡aFathers and daughters ‡vFiction. ‡0(LARL_NWRL_CONSORTIUM)164950
650 0. ‡aLarge type books. ‡0(LARL_NWRL_CONSORTIUM)24284
655 0. ‡aDomestic fiction.
655 7. ‡aLove stories. ‡2gsafd
948 . ‡hNO HOLDINGS IN LAL - 129 OTHER HOLDINGS
994 . ‡aZ0 ‡bLAL
901 . ‡a157443 ‡bOCLC ‡c157443 ‡tbiblio

Additional Resources